[Event "BCF-chT3N 1415 (4NCL)"]
[Site "England"]
[Date "2015.01.10"]
[Round "3.95"]
[White "Hall, John"]
[Black "Patrick, David A"]
[Result "1-0"]
[WhiteElo "2249"]
[BlackElo "1880"]
[PlyCount "71"]
[EventDate "2014.11.15"]
[EventType "team-swiss"]
[EventRounds "6"]
[EventCountry "ENG"]
[SourceTitle "EXT 2016"]
[Source "ChessBase"]
[SourceDate "2015.10.08"]
[SourceVersion "1"]
[SourceVersionDate "2015.10.08"]
[SourceQuality "1"]
[WhiteTeam "Spirit of Atticus II"]
[BlackTeam "Bradford DCA Knights III"]
[WhiteTeamCountry "ENG"]
[BlackTeamCountry "ENG"]

1. d4 d5 2. c4 c6 3. Nc3 Nf6 4. Nf3 a6 5. e3 Bf5 6. Be2 e6 7. 0-0 h6 8. b3 Nbd7 9. Bb2 Be7 10. Rc1 Rc8 11. c5 Qc7 12. b4 Ng4 13. h3 Ngf6 14. Nh4 Bh7 15. Nf3 g5 16. Nh2 Rg8 17. f4 gxf4 18. exf4 Be4 19. Nxe4 Nxe4 20. Ng4 Ng3 21. Rf3 Nf5 22. Bd3 Nh4 23. Rf2 Bf8 24. Qe2 h5 25. Ne3 Nf6 26. Rcf1 Qe7 27. f5 Ne4 28. Bxe4 dxe4 29. fxe6 Qxe6 30. Qxh5 Be7 31. Qh7 Rxg2+ 32. Rxg2 Qxh3 33. Qg8+ Bf8 34. Qxf7+ Kd8 35. Qxf8+ Kc7 36. Qd6# 1-0

[Event "4NCL-ch rapid"]
[Site "Daventry"]
[Date "2014.10.05"]
[Round "4.6"]
[White "Turner, Matthew"]
[Black "Hall, John"]
[Result "1-0"]
[WhiteElo "2482"]
[BlackElo "2264"]
[PlyCount "77"]
[EventDate "2014.10.05"]
[EventType "swiss (rapid)"]
[EventRounds "7"]
[EventCountry "ENG"]
[SourceTitle "CBM 162 Extra"]
[Source "ChessBase"]
[SourceDate "2014.10.17"]
[SourceVersion "1"]
[SourceVersionDate "2014.10.17"]
[SourceQuality "1"]

1. c4 Nf6 2. g3 e5 3. Bg2 c6 4. d4 exd4 5. Qxd4 d5 6. Nf3 Be6 7. cxd5 cxd5 8. 0-0 Nc6 9. Qa4 Bc5 10. Bg5 h6 11. Bxf6 Qxf6 12. Nc3 0-0 13. Qb5 Bb6 14. Na4 d4 15. Nxb6 axb6 16. Qxb6 Rfd8 17. Nd2 Bd5 18. Rfe1 Bxg2 19. Kxg2 Qg5 20. Nf3 Qd5 21. Rac1 d3 22. exd3 Rxa2 23. Qxb7 Rd6 24. Re4 Rf6 25. Rc3 Rxf3 26. Qxc6 Qxc6 27. Rxc6 Rxd3 28. Rc8+ Kh7 29. Rc7 Rxb2 30. Rxf7 Rd6 31. Ree7 Rg6 32. h4 h5 33. Rf5 Kg8 34. Re8+ Kh7 35. Rxh5+ Rh6 36. Rxh6+ Kxh6 37. Rf8 Kg6 38. Kh3 Rb3 39. f4 1-0

[Event "4NCL-chT rapid"]
[Site "Daventry"]
[Date "2014.10.04"]
[Round "4.2"]
[White "Smerdon, David"]
[Black "Hall, John"]
[Result "1-0"]
[WhiteElo "2506"]
[BlackElo "2264"]
[PlyCount "107"]
[EventDate "2014.10.04"]
[EventType "team-swiss (rapid)"]
[EventRounds "7"]
[EventCountry "ENG"]
[SourceTitle "CBM 162 Extra"]
[Source "ChessBase"]
[SourceDate "2014.10.17"]
[SourceVersion "1"]
[SourceVersionDate "2014.10.17"]
[SourceQuality "1"]
[WhiteTeam "Guildford"]
[BlackTeam "Leeds University Old Boys"]
[WhiteTeamCountry "ENG"]
[BlackTeamCountry "ENG"]

1. e4 c5 2. Nf3 d6 3. Bb5+ Nc6 4. 0-0 Bd7 5. c3 a6 6. Bc4 Nf6 7. Re1 Bg4 8. d4 cxd4 9. cxd4 e5 10. Be3 Bxf3 11. gxf3 Be7 12. d5 Nd4 13. Bxd4 exd4 14. Qxd4 Nh5 15. e5 0-0 16. f4 Qc8 17. Be2 Qf5 18. Bxh5 Qxh5 19. Qe4 Rac8 20. Nc3 b5 21. Qe2 Qf5 22. Qe4 Qg4+ 23. Qg2 Qxf4 24. Re4 Qf5 25. Rae1 Rc4 26. Rxc4 bxc4 27. Qe4 Qxe5 28. Qxe5 dxe5 29. Rxe5 Bf6 30. Re4 Rc8 31. Na4 Kf8 32. Nb6 Rd8 33. Rxc4 Bxb2 34. Kg2 g6 35. Kf3 Kg7 36. Rc8 Rxc8 37. Nxc8 Kf8 38. Ke4 Ke8 39. a4 Kd8 40. Nb6 f5+ 41. Kd3 Ba3 42. Nc4 Bf8 43. Kd4 Kd7 44. f3 Bd6 45. Nxd6 Kxd6 46. f4 g5 47. fxg5 f4 48. Ke4 f3 49. Kxf3 Kxd5 50. Kf4 a5 51. Kf5 Kc4 52. h4 Kb4 53. h5 Kxa4 54. g6 1-0